Nhl:n parhaat maalintekijät - Statistics

Yleistilastot
  • Tätä visaa on pelattu 339 kertaa
  • Keskiarvotulos 9 / 20
Vastaustilastot
Maalit Pelaaja % Oikein
894 Wayne Gretzky
94%
684 Teemu Selänne
87%
601 Jari Kurri
82%
730 Alexander Ovechkin
76%
766 Jaromir Jagr
67%
690 Mario Lemieux
67%
801 Gordie Howe
63%
610 Bobby Hull
58%
741 Brett Hull
58%
694 Mark Messier
47%
625 Joe Sakic
36%
717 Phil Esposito
33%
692 Steve Yzerman
33%
625 Jarome Iginla
24%
731 Marcel Dionne
24%
708 Mike Gartner
22%
668 Luc Robitaille
17%
656 Brendan Shanahan
14%
640 Dave Andreychuk
14%
608 Dino Ciccarelli
10%
Ehtoja vastaavia visoja ei löytynyt
Tulosjakauma
Jokaisen tuloksen saaneiden osuus
Persentiili vastausten määrän mukaan
Tuloshistoriasi
Et ole pelannut tätä visaa